| 000 | 00636nam a22002057a 4500 | ||
|---|---|---|---|
| 003 | BD-DhUL | ||
| 005 | 20170727114250.0 | ||
| 008 | 170727s2005 ua ||||| |||| 00| 0 ara d | ||
| 020 | _a9770197068 | ||
| 040 |
_aBD-DhUL _cBD-DhUL |
||
| 082 |
_a892.71 _bABN |
||
| 100 | 3 | _aعلاء عبد الھادی۔ | |
| 245 | 0 |
_aالنشیدۃ : _bشعر / _cعلاء عبد الھادی۔ |
|
| 246 | _aAl-Nashīdah : she'r | ||
| 260 |
_aالقاهرة : _bالھیئة المصریة العامة للکتاب، _c۲۰۰۵۔ |
||
| 300 |
_a ص. ۱۷۵ ؛ _c ۱۹ سم۔ |
||
| 365 |
_aBDT _b100.00 |
||
| 650 | 0 | _aArabic poetry. | |
| 942 |
_2ddc _cBK |
||
| 999 |
_c212688 _d212688 |
||